[Event "Open"]
[Site "Moscow RUS"]
[Date "2007.01.31"]
[Round "5"]
[White "Ivakhinova,I"]
[Black "Gagarin,V"]
[Result "1-0"]
[WhiteElo "2216"]
[BlackElo "2406"]

1.e4 c5 2.Nf3 e6 3.d4 cxd4 4.Nxd4 Nc6 5.Nc3 Qc7 6.Be3 a6 7.Bd3 Nf6 8.O-O b5
9.Nb3 Bb7 10.f4 d6 11.Qf3 Be7 12.Rae1 Nb4 13.Qg3 g6 14.e5 Nxd3 15.cxd3 Nh5
16.Qh3 O-O 17.Bd4 dxe5 18.fxe5 Rad8 19.Qe3 Ng7 20.Bb6 Qc6 21.Re2 Rb8 22.Na5 Qd7
23.Ba7 Rbc8 24.Nxb7 Qxb7 25.g4 Rc7 26.Bb6 Rc6 27.Bd4 Rd8 28.Ne4 Qd7 29.Bb6 Rb8
30.Bc5 Bd8 31.d4 Ne8 32.Qh6 f5 33.Qf8+  1-0

[Event "Open"]
[Site "Moscow RUS"]
[Date "2007.02.01"]
[Round "6"]
[White "Yemelin,V"]
[Black "Bocharov,D"]
[Result "1-0"]
[WhiteElo "2539"]
[BlackElo "2602"]

1.e4 c5 2.Nf3 Nc6 3.d4 cxd4 4.Nxd4 e6 5.Nc3 Qc7 6.Be2 a6 7.O-O Nf6 8.Kh1 Be7
9.f4 d6 10.Be3 O-O 11.Qe1 Nxd4 12.Bxd4 b5 13.a3 Bb7 14.Qg3 Rad8 15.Rae1 Rd7
16.Bd3 Re8 17.Nd1 Qd8 18.Nf2 g6 19.Ng4 Nxg4 20.Qxg4 Bf6 21.Bxf6 Qxf6 22.e5 Qd8
23.h4 dxe5 24.fxe5 Rd4 25.Rf4 Rxf4 26.Qxf4 Qe7 27.Re3 Rd8 28.Rg3 Kh8 29.Kh2 Rf8
30.h5 Rg8 31.h6 g5 32.Qf6+ Qxf6 33.exf6 g4 34.Kg1 Rg5 35.Be2 Re5 36.Rd3 Bd5
37.Rc3 Rg5 38.Rc8+ Rg8 39.Rxg8+ Kxg8 40.Bxg4 Kf8 41.Kf2 Ke8 42.Bf3 Bxf3 43.Kxf3 Kd7
44.Ke4 Kd6 45.b3 a5 46.c3 e5 47.g4  1-0

[Event "Open"]
[Site "Moscow RUS"]
[Date "2007.02.02"]
[Round "7"]
[White "Ulko,J"]
[Black "Grachev,B"]
[Result "1/2-1/2"]
[WhiteElo "2460"]
[BlackElo "2563"]

1.e4 c5 2.Nf3 e6 3.d4 cxd4 4.Nxd4 Nc6 5.Nc3 Qc7 6.g3 a6 7.Bg2 d6 8.O-O Bd7
9.Re1 Be7 10.a4 Nf6 11.Nxc6 Bxc6 12.a5 O-O 13.Bf4 Rae8 14.Qe2 Nd7 15.Be3 Bf6
16.Qc4 Rc8 17.f4 Qd8 18.Qd3 Bxc3 19.bxc3 Bb5 20.Qd2 e5 21.Qxd6 Rxc3 22.Rad1 Qb8
23.Qxb8 Nxb8 24.Rd2 Nc6 25.Bb6 h6 26.Kf2 Nb4 27.fxe5 Rfc8 28.Bh3 Rxc2 29.Rd1 Rxd2+
30.Rxd2 Re8 31.Rd8 Nd3+ 32.Ke3 Nxe5 33.Rxe8+ Bxe8 34.Bc7 Bd7 35.Bxe5 Bxh3
36.Bd4 Bg2 37.h4 Kh7 38.Kf4 Kg6 39.g4 Bf1 40.Bc3 Be2 41.Bd4 h5 42.g5 Kh7
43.Bc3 Kg8 44.Bb4  1/2-1/2

[Event "Open"]
[Site "Moscow RUS"]
[Date "2007.02.03"]
[Round "8"]
[White "Sorokin,M"]
[Black "Bocharov,D"]
[Result "0-1"]
[WhiteElo "2547"]
[BlackElo "2602"]

1.Nf3 c5 2.e4 Nc6 3.d4 cxd4 4.Nxd4 e6 5.Nc3 Qc7 6.f4 a6 7.Nxc6 bxc6 8.e5 f5
9.Bc4 Nh6 10.Qe2 Be7 11.Be3 Bb7 12.O-O-O O-O 13.h3 c5 14.Qf2 Rfb8 15.b3 Rd8
16.Rd3 Kh8 17.Rhd1 Nf7 18.g4 Nh6 19.Rg1 Qa5 20.Bd2 Bc6 21.Kb1 Qb6 22.a4 Rab8
23.g5 Nf7 24.g6 d5 25.exd6 Nxd6 26.Rxd6 Rxd6 27.Qe2 Bf6 28.Rg3 Rbd8 29.Bc1 Bd5
30.Nxd5 exd5 31.Bd3 c4 32.Bxf5 Qd4 33.c3 Qb6 34.b4 d4 35.Qxc4 dxc3 36.Be3 Rd1+
37.Kc2 Qxe3  0-1

[Event "Bundesliga 2006-7"]
[Site "Tegernsee GER"]
[Date "2007.02.04"]
[Round "9"]
[White "Slobodjan,R"]
[Black "Sokolov,And1"]
[Result "1/2-1/2"]
[WhiteElo "2525"]
[BlackElo "2585"]

1.e4 c5 2.Nc3 e6 3.Nf3 Nc6 4.d4 cxd4 5.Nxd4 d6 6.Be3 Nf6 7.Be2 Be7 8.O-O O-O
9.f4 e5 10.Nb3 exf4 11.Bxf4 Be6 12.Kh1 d5 13.exd5 Nxd5 14.Nxd5  1/2-1/2

[Event "TCh-BEL 2006-7"]
[Site "Belgium BEL"]
[Date "2007.02.08"]
[Round "7"]
[White "Nieto,E"]
[Black "Van Heirzeele,D"]
[Result "1/2-1/2"]
[WhiteElo "2201"]
[BlackElo "2234"]

1.e4 c5 2.Nf3 e6 3.Nc3 Nc6 4.d4 cxd4 5.Nxd4 Nf6 6.Ndb5 Bb4 7.a3 Bxc3+ 8.Nxc3 d5
9.exd5 exd5 10.Bd3 O-O 11.O-O h6 12.Bf4 d4 13.Ne2 Qd5 14.h3 Bf5  1/2-1/2

[Event "FSIMA February"]
[Site "Budapest HUN"]
[Date "2007.02.08"]
[Round "6"]
[White "Leviczki,T"]
[Black "Sailer,D"]
[Result "1/2-1/2"]
[WhiteElo "2296"]
[BlackElo "2191"]

1.e4 c5 2.Nf3 e6 3.d4 cxd4 4.Nxd4 Nc6 5.Nc3 Nf6 6.a3 d5 7.Bb5 Bd7 8.exd5 exd5
9.O-O Be7 10.Nce2 O-O 11.Bd3 Ne5 12.Bf5 Re8 13.Bxd7 Qxd7 14.b3 Rac8 15.Bb2 Bf8
16.f3 g6 17.Qd2 Bg7 18.Rfe1 Qc7 19.a4 a6 20.a5 Nc6 21.Kh1 Nh5 22.Ra2  1/2-1/2

[Event "FSIMA February"]
[Site "Budapest HUN"]
[Date "2007.02.08"]
[Round "6"]
[White "Nagy,Ben"]
[Black "Mihok,O"]
[Result "1-0"]
[WhiteElo "2328"]
[BlackElo "2305"]

1.e4 c5 2.Nf3 e6 3.d4 cxd4 4.Nxd4 Nc6 5.Nc3 Qc7 6.Be3 a6 7.Qd2 Nf6 8.O-O-O Bb4
9.f3 Ne5 10.Nb3 b5 11.Kb1 Be7 12.Qf2 Rb8 13.g4 d6 14.g5 Nfd7 15.Ba7 Ra8 16.Bd4 b4
17.Na4 O-O 18.Nb6 Nxb6 19.Bxb6 Qb8 20.f4 Nd7 21.Ba5 e5 22.f5 Bxg5 23.Rg1 Bf4
24.Bc4 Nf6 25.Qh4 Ne8 26.Rg4 Ra7 27.Rdg1 Kh8 28.Bd8 f6 29.R1g3 d5 30.Bxd5 Bxf5
31.exf5 Qxd8 32.Rd3 Rd7 33.Rxf4 Rxd5 34.Rxd5 Qxd5 35.Rxb4 Qd1+ 36.Nc1 Nd6
37.Qf2 Rc8 38.b3 Nb5 39.Kb2 Nd4 40.c3 h6 41.Rc4 Rxc4 42.bxc4 Nc6 43.Qc5 Qd2+
44.Kb3 Qd1+ 45.Kb2 Qd7 46.Qd5 Qb7+ 47.Nb3 a5 48.a4 Qb6 49.Ka3 Kh7 50.h4 Kh8
51.h5 Kh7 52.Qd7 e4 53.Qe6 Ne5 54.c5 Qd8 55.c6 e3 56.Nd4 Qb6 57.Qd5 Nd3 58.Qb5 Qxd4
59.cxd4 e2 60.Qb1  1-0

[Event "3rd ch-Sudamericano U20"]
[Site "Buenos Aires ARG"]
[Date "2007.02.10"]
[Round "8"]
[White "Latorre,Mat"]
[Black "Needleman,G"]
[Result "0-1"]
[WhiteElo "2009"]
[BlackElo "2437"]

1.e4 c5 2.Nf3 e6 3.d4 cxd4 4.Nxd4 Nc6 5.Nc3 Qc7 6.g3 d6 7.Bg2 Nxd4 8.Qxd4 Bd7
9.O-O Nf6 10.Be3 Be7 11.Rad1 O-O 12.h3 b5 13.a3 Bc6 14.f4 Qb7 15.Rf2 a5 16.Qb6 Qxb6
17.Bxb6 b4 18.e5 Bxg2 19.exf6 Bxf6 20.Kxg2 bxc3 21.bxc3 d5 22.Bd4 Rfc8 23.Bxf6 gxf6
24.Rd3 Rc5 25.f5 Kg7 26.Rf4 Rac8 27.fxe6 fxe6 28.Kf1 Rxc3 29.Ra4 Rxc2 30.Rxa5 Ra2  0-1

[Event "ch-St Petersburg sf"]
[Site "St Petersburg RUS"]
[Date "2007.02.10"]
[Round "1"]
[White "Kulikov,E"]
[Black "Lintchevski,D"]
[Result "0-1"]
[WhiteElo "2260"]
[BlackElo "2449"]

1.e4 c5 2.Nf3 Nc6 3.Nc3 e6 4.d4 cxd4 5.Nxd4 Nf6 6.Be2 d6 7.Be3 Be7 8.O-O O-O
9.Kh1 a6 10.f4 Bd7 11.Bf3 Qc7 12.Qe1 Rac8 13.Rd1 b5 14.a3 Na5 15.g4 Nc4 16.g5 Ne8
17.Bc1 Nxa3 18.f5 Nc4 19.fxe6 fxe6 20.Bg4 Rxf1+ 21.Qxf1 Ne5 22.Nxe6 Qc4 23.Qxc4 Rxc4
24.Bh3 Nc7 25.Nxc7 Bxh3 26.N7d5 Bf8 27.Bf4 b4 28.Ne3 bxc3 29.Nxc4 Nxc4 30.b3 Nd2
31.Ra1 Nxe4 32.Rxa6 d5 33.Be3 Be7 34.Ra5 Be6 35.h4 Ng3+ 36.Kg1 d4 37.Re5 dxe3
38.Rxe6 Kf7 39.Re5 Bd6 40.Rd5 Ke6 41.Rd3 Bc5  0-1

[Event "TCh-FIN 2006-7"]
[Site "Turku FIN"]
[Date "2007.02.10"]
[Round "7"]
[White "Tiitta,S"]
[Black "Nokso Koivisto,An"]
[Result "1/2-1/2"]
[WhiteElo "2203"]
[BlackElo "2223"]

1.e4 c5 2.Nf3 e6 3.d4 cxd4 4.Nxd4 Nc6 5.Nc3 Qc7 6.Be3 a6 7.Qd2 Nf6 8.f3 b5
9.O-O-O Be7 10.g4 d6 11.Kb1 Bb7 12.g5 Nd7 13.h4 O-O 14.h5 b4 15.Nxc6 Bxc6
16.Ne2 Ne5 17.Nd4 Rfc8 18.g6 Nxf3 19.Nxf3 Bxe4 20.Rh2 Bxf3 21.Qf2 b3 22.cxb3 Be4+
23.Bd3 Bxd3+ 24.Rxd3 fxg6 25.hxg6 hxg6 26.Qf3 Qa5 27.Bd2 Qf5 28.Qe2 Rf8 29.Rh1 Rac8
30.Ka1 Rc2 31.Rc3 Rxc3 32.Bxc3 a5 33.Bxa5 Qd5 34.Re1 Bh4 35.Rg1 Rf2 36.Qg4 Bf6
37.Bc3 Bxc3 38.bxc3 Qe5 39.Qc4 Kf7 40.Qc7+ Kg8 41.Qc4 d5 42.Qc8+ Rf8 43.Qc5 Qe2
44.a4 Rf2 45.Qc8+ Kf7 46.Qc7+ Ke8  1/2-1/2

[Event "TCh-BEL 2006-7"]
[Site "Belgium BEL"]
[Date "2007.02.11"]
[Round "8"]
[White "De Jonghe,B"]
[Black "Renette,H"]
[Result "0-1"]
[WhiteElo "2232"]
[BlackElo "2241"]

1.e4 c5 2.Nf3 e6 3.d4 cxd4 4.Nxd4 Nc6 5.Nc3 Qc7 6.Be2 a6 7.O-O Bc5 8.Nb3 Be7
9.a4 Nf6 10.f4 d6 11.a5 b5 12.axb6 Qxb6+ 13.Kh1 O-O 14.Bf3 Bb7 15.Na4 Qc7
16.Be3 d5 17.e5 Ne4 18.c4 Nb4 19.Na5 Bc6 20.Nxc6 Qxc6 21.cxd5 exd5 22.Rc1 Qh6
23.Kg1 Rad8 24.Rc7 Bh4 25.Qb3 a5 26.Bxe4 dxe4 27.Nc5 Nd5 28.Rb7 Qc6 29.Rc1 Nxe3
30.Qxe3 Rd3 31.Qxe4 Qxc5+  0-1

[Event "TCh-FRA Top 16 GpB"]
[Site "Chalons en Champagne FRA"]
[Date "2007.02.11"]
[Round "3"]
[White "Jakovenko,D"]
[Black "Lautier,J"]
[Result "1/2-1/2"]
[WhiteElo "2691"]
[BlackElo "2656"]

1.e4 c5 2.Nf3 e6 3.d4 cxd4 4.Nxd4 Nc6 5.Nc3 a6 6.Be2 Qc7 7.O-O Nf6 8.Kh1 Nxd4
9.Qxd4 Bc5 10.Qd2 O-O 11.Qg5 d6 12.Bd3 b5 13.Qg3 Bb7 14.Bh6 Ne8 15.Bd2 Nf6
16.Rae1 Bd4 17.f4 d5 18.e5 Ne4 19.Nxe4 dxe4 20.Bxe4 Bxe4 21.Rxe4 Rfd8 22.Qf3 Rac8
23.Bb4 Bxb2 24.Bd6 Qc3 25.Qf2 f5 26.Rb4 Rc4 27.Rb3 Qd4 28.Qh4 Rd7 29.Rh3 h6
30.Qh5 Rc8 31.Rhf3 Qc4 32.Qg6 Kh8 33.h3 b4 34.Rd3 a5 35.Rfd1 Rg8 36.Rg3 Qxf4
37.Kh2 Bd4 38.Qxe6 Rdd8 39.Rxd4 Qxd4 40.Qxf5 Qd5 41.Rg6 Rde8 42.Qf4 Re6 43.Rg3 Qxa2
44.Qf7 Qd5 45.Rd3 Qc4 46.Rg3 Qd5 47.Rd3 Qc4 48.Rg3 Qc8 49.Bf8 Qxf8 50.Qxe6 Qc5
51.Qd6 Qxc2 52.e6 Qe4 53.Rf3 Re8 54.Rf8+ Rxf8 55.Qxf8+ Kh7 56.e7 Qe5+ 57.Kh1 Qe1+
58.Kh2 Qe5+ 59.Kh1  1/2-1/2

[Event "TCh-FRA Top 16 GpB"]
[Site "Metz FRA"]
[Date "2007.02.11"]
[Round "3"]
[White "Riff,JN"]
[Black "Pucher,O"]
[Result "1-0"]
[WhiteElo "2469"]
[BlackElo "2303"]

1.e4 c5 2.Nf3 e6 3.d4 cxd4 4.Nxd4 Nc6 5.Nc3 Qc7 6.Be2 a6 7.O-O Nf6 8.Be3 Bb4
9.Na4 Be7 10.Nxc6 bxc6 11.Nb6 Rb8 12.Nxc8 Qxc8 13.e5 Nd5 14.Bc1 Bc5 15.c4 Ne7
16.b3 Qc7 17.Bb2 d6 18.exd6 Bxd6 19.h3 Be5 20.Bxe5 Qxe5 21.Re1 c5 22.Bd3 Qg5
23.Qf3 O-O 24.Rad1 Rfd8 25.g3 Rd4 26.Bc2 Ng6 27.Bxg6 hxg6 28.Rxd4 cxd4 29.Qf4 Qxf4
30.gxf4 g5 31.fxg5 Kh7 32.Kf1 Kg6 33.Ke2 e5 34.Kd3 Kf5 35.h4 Rh8 36.Rh1 Rd8
37.f3 Kf4 38.c5 Rc8 39.b4 a5 40.a3 axb4 41.axb4 Ra8 42.b5 Ra3+ 43.Kc4 Rc3+
44.Kd5 d3 45.b6 Rb3 46.Kc4 Rb2 47.Kxd3 Kxf3 48.Rf1+  1-0

[Event "ch-St Petersburg sf"]
[Site "St Petersburg RUS"]
[Date "2007.02.12"]
[Round "3"]
[White "Yankovsky,R"]
[Black "Zacurdajev,M"]
[Result "1-0"]
[WhiteElo "2164"]
[BlackElo "2374"]

1.e4 c5 2.Nf3 e6 3.d4 cxd4 4.Nxd4 Nc6 5.Nc3 Qc7 6.g3 d6 7.Bg2 Nf6 8.O-O Be7
9.Re1 O-O 10.Ncb5 Qb8 11.c4 Bd7 12.Nc3 Nxd4 13.Qxd4 Bc6 14.b3 Rd8 15.Rb1 b6
16.Nd5 Nxd5 17.exd5 Bf6 18.Qd3 exd5 19.Bxd5 Qb7 20.Rd1 Re8 21.Be3 Rad8 22.Bxc6 Qxc6
23.Qd5 Qc8 24.Qf3 Be5 25.Rd5 Qh3 26.Rbd1 h5 27.Bf4 Qf5 28.Qe2 Rc8 29.Bxe5 dxe5
30.Rd7 e4 31.Rxa7 Rcd8 32.Rxd8 Rxd8 33.Re7 Rd4 34.Re8+ Kh7 35.h4 Qg6 36.Qe3 Rd1+
37.Kg2 f5 38.Rb8 Rd3 39.Rxb6 Qg4 40.Qf4 Qf3+ 41.Kh2 Qxf4 42.gxf4 Rd2 43.Kg3 Rxa2
44.c5 Rc2 45.c6 Rc3+ 46.Kg2 Kg6 47.b4 Kf6 48.b5 Ke6 49.Rb8 Rc2 50.b6  1-0

[Event "ch-St Petersburg sf"]
[Site "St Petersburg RUS"]
[Date "2007.02.13"]
[Round "4"]
[White "Frolochkin,V"]
[Black "Smirnov,Arte"]
[Result "1/2-1/2"]
[WhiteElo "2232"]
[BlackElo "2385"]

1.e4 c5 2.Nc3 Nc6 3.Nge2 e6 4.d4 cxd4 5.Nxd4 Qc7 6.g3 a6 7.Bg2 Nf6 8.O-O Bc5
9.Be3 Ne5 10.b3 Neg4 11.Bc1 Qe5 12.Nce2 Nxe4 13.Bxe4 Qxe4 14.f3 Qg6 15.fxg4 e5
16.Be3 exd4 17.Bxd4 Bxd4+ 18.Nxd4 O-O 19.Nf5 Qb6+ 20.Qd4 Qxd4+ 21.Nxd4 h6
22.Rae1 d5 23.h3 h5 24.gxh5 Bxh3 25.Rf4 Rae8 26.Kf2 Rxe1 27.Kxe1 Re8+ 28.Kd2 Re5
29.h6 gxh6 30.Rh4 Be6 31.Rxh6 Re4 32.Rh4 Re5 33.a4 a5 34.Nf3 Rf5 35.Ke3 Kg7
36.Rf4 Rh5 37.Rh4 Rf5 38.g4 Rf6 39.g5 Rf5 40.Rf4 Bd7 41.c3 Rxf4 42.Kxf4 b5
43.axb5 Bxb5 44.Nd4 Bd7 45.Nf5+ Kh7 46.Ne7 a4 47.bxa4 Bxa4 48.Ke5 Kg7 49.Nxd5 Kg6
50.Kf4 Bb3 51.Nf6 Ba2 52.Ng4 Bb3 53.Ne5+ Kg7 54.Nd7 Kg6 55.Nf6 Ba2 56.Kg4 Bb3
57.Kh4 Ba2 58.Ng8 Bb3 59.Ne7+ Kg7 60.Kh5 Bd1+ 61.Kh4 Bb3 62.Kg4 Bd1+ 63.Kf5 Bb3
64.Ke5 Ba2 65.Kf4 Bb3 66.Nf5+ Kg6 67.Nh4+ Kh5 68.Ng2 Kg6 69.Kg4 Bd1+ 70.Kh4 Bb3
71.Nf4+ Kf5 72.Ne2 Kg6 73.Nd4 Ba2 74.Nc6 f6  1/2-1/2

[Event "Aeroflot Open"]
[Site "Moscow RUS"]
[Date "2007.02.16"]
[Round "3"]
[White "Savchenko,B"]
[Black "Balogh,C"]
[Result "0-1"]
[WhiteElo "2562"]
[BlackElo "2616"]

1.e4 c5 2.Nc3 e6 3.Nf3 Nc6 4.d4 cxd4 5.Nxd4 a6 6.Be3 Nf6 7.f4 Bb4 8.Bd3 d6
9.Qf3 O-O 10.O-O e5 11.Nde2 Ng4 12.Bd2 Bc5+ 13.Kh1 Nxh2 14.Qg3 Nxf1 15.Rxf1 f5
16.Nd5 Be6 17.fxe5 dxe5 18.Bg5 Qd7 19.Nf6+ Rxf6 20.Bxf6 f4 21.Qg5 Rf8 22.Bxe5 h6
23.Qxg7+ Qxg7 24.Bxg7 Kxg7 25.Nxf4 Bf7 26.a3 Ne5 27.g3 Rd8 28.Kg2 Bd4 29.Rb1 Be3
30.Rd1 Rd6 31.a4 Rc6 32.Re1 Bd4 33.c3 Ba7 34.Be2 Rd6 35.Bh5 Bb3 36.a5 Rd2+
37.Re2 Be3 38.Nd5 Rxe2+ 39.Bxe2 Bc1 40.Nc7 Kf8 41.Bxa6 bxa6 42.Nxa6 Bxb2
43.Nc5 Bc4 44.a6 Nc6 45.Nd7+ Kg7 46.Ne5 Bb5  0-1

[Event "Aeroflot Open"]
[Site "Moscow RUS"]
[Date "2007.02.16"]
[Round "3"]
[White "Li Chao2"]
[Black "Grigoriants,S RUS"]
[Result "1/2-1/2"]
[WhiteElo "2504"]
[BlackElo "2592"]

1.e4 c5 2.Nf3 e6 3.d4 cxd4 4.Nxd4 Nc6 5.Nc3 a6 6.Be2 d6 7.O-O Bd7 8.a4 Nf6
9.Nb3 Na5 10.Nxa5 Qxa5 11.f4 Be7 12.Be3 O-O 13.Qd2 Qc7 14.a5 Rac8 15.Bf3 Bc6
16.g4 d5 17.e5 Ne4 18.Nxe4 dxe4 19.Bb6 Qb8 20.Bg2 e3 21.Bxe3 Rfd8 22.Qf2 Bxg2
23.Qxg2 Qc7 24.Kh1 Qxc2 25.Qxc2 Rxc2 26.Rfd1 h5 27.gxh5 Rxb2 28.Bb6 Rxd1+
29.Rxd1 Ra2 30.Rd7 Bb4 31.Rxb7 Bxa5 32.Bxa5  1/2-1/2

[Event "Rapid Match"]
[Site "Negotino MKD"]
[Date "2007.02.16"]
[Round "6"]
[White "Nedev,T"]
[Black "Kozul,Z"]
[Result "1/2-1/2"]
[WhiteElo "2523"]
[BlackElo "2616"]

1.e4 c5 2.Nf3 e6 3.Nc3 Nc6 4.d4 cxd4 5.Nxd4 Qc7 6.Be3 Nf6 7.Qd2 Bb4 8.f3 a6
9.O-O-O Ne5 10.Kb1 Bxc3 11.Qxc3 Qxc3 12.bxc3 d5 13.Nb3 dxe4 14.Bd4 Nc6 15.fxe4 Nxd4
16.Rxd4 Nd7 17.Nd2 Ne5 18.Nf3 Nxf3 19.gxf3 Bd7 20.Rg1 g6 21.Rg2 Rc8 22.Rgd2 Rc7
23.Kb2 Ke7 24.f4 Rhc8 25.c4 Be8 26.h4 Rc5 27.e5 R5c7 28.Kb3 Rd7 29.Bg2 Rxd4
30.Rxd4 Bc6 31.Bxc6 Rxc6 32.a4 a5 33.Kc3 h6 34.Rd3 b6 35.Kd4 Kf8 36.Rb3 Kg7
37.Rb5 g5 38.hxg5 hxg5 39.fxg5 Kg6 40.c5 bxc5+ 41.Rxc5 Rb6 42.Rxa5 Rb1 43.Ra7 Rd1+
44.Kc4 Rd5 45.a5 Rxe5 46.a6 Ra5 47.Kb4 Ra2 48.c4 e5 49.Kb5 Rb2+ 50.Kc6 Ra2
51.Kb5 Rb2+ 52.Kc5 Ra2 53.Kd5 Ra5+ 54.Kc6 e4 55.c5 Ra1 56.Kd5 e3 57.Re7 Rxa6
58.Rxe3 Kxg5 59.c6 f5 60.c7 Ra8 61.Rg3+ Kf4 62.Rg1 Ke3 63.Re1+ Kf2 64.Rb1 Rc8
65.Rc1 f4 66.Ke4 Kg3 67.Rc3+ Kg4 68.Rc6 f3  1/2-1/2

[Event "ch-St Petersburg sf"]
[Site "St Petersburg RUS"]
[Date "2007.02.16"]
[Round "7"]
[White "Fedoseev,Vl3"]
[Black "Nikolaev,V RUS"]
[Result "1/2-1/2"]
[WhiteElo "2166"]
[BlackElo "2246"]

1.e4 c5 2.Ne2 Nc6 3.Nbc3 e6 4.d4 cxd4 5.Nxd4 Qc7 6.Nxc6 bxc6 7.Bd3 Nf6 8.O-O e5
9.b3 Be7 10.Bb2 d6 11.Ne2 O-O 12.c4 Nh5 13.Qd2 Bf6 14.h3 Qe7 15.Qe3 Bg5 16.Qf3 g6
17.Bc1 Ng7 18.Kh2 Bd7 19.Bxg5 Qxg5 20.Qg3 Qxg3+ 21.Nxg3 Ne6 22.Rad1 c5 23.Ne2 Bc6
24.Bb1 Rad8 25.Nc3 Nd4 26.Nd5 Bxd5 27.cxd5 Rb8 28.Bd3 a5 29.Rb1 Rb4 30.Rfc1 Rfb8
31.Rc4 Rxc4 32.bxc4 Rb4 33.a3 Rxb1 34.Bxb1 f5 35.f3 Kg7 36.Kg1 Kf6 37.Kf2 Kg5
38.exf5 gxf5 39.g3 h6 40.h4+ Kh5 41.Ke3 f4+ 42.gxf4 exf4+ 43.Kxf4 Kxh4 44.Bg6 Kh3
45.Bf5+ Kh4 46.Bg6  1/2-1/2

[Event "II Int Open"]
[Site "Morelia MEX"]
[Date "2007.02.17"]
[Round "5"]
[White "Cheparinov,I"]
[Black "Quezada,Y"]
[Result "1-0"]
[WhiteElo "2640"]
[BlackElo "2515"]

1.e4 c5 2.Nf3 e6 3.d4 cxd4 4.Nxd4 Nc6 5.Nc3 a6 6.Nxc6 bxc6 7.Bd3 d5 8.O-O Nf6
9.Re1 Be7 10.e5 Nd7 11.Qg4 g6 12.Na4 h5 13.Qe2 Bb7 14.Bd2 c5 15.c4 d4 16.Be4 Rb8
17.b3 Qc7 18.Bxb7 Rxb7 19.Qe4 Rb8 20.h4 Kf8 21.Rad1 Kg7 22.Qf4 a5 23.Qg3 Ra8
24.Bg5 Bxg5 25.Qxg5 Qd8 26.Qg3 Qc7 27.Qg5 Qd8 28.Qf4 Qc7 29.Rd3 Nb6 30.Qf6+ Kg8
31.Nb2 Qd8 32.Qf4 Qe7 33.Rf3 Ra7 34.Nd3 Nd7 35.Qg3 Kg7 36.Nf4 Nf8 37.a4 Rb7
38.Re4 Qd8 39.Nd3 Nd7 40.Nf4 Nf8 41.Kh2 Qe7 42.Kh1 Rb6 43.Nd3 Nh7 44.Ref4 Rf8
45.Ne1 Kg8 46.Nc2 Qc7 47.Rxf7 Rxf7 48.Qxg6+ Kf8 49.Qxh7 Rb7 50.Qh8+ Ke7 51.Rxf7+ Kxf7
52.Ne1 Ke7 53.Qf6+ Kd7 54.Qf7+ Kc8 55.Qxe6+ Kb8 56.Nf3 Rxb3 57.Nd2 Rb6 58.Qe8+ Ka7
59.Qxh5 d3 60.Qg5 Re6 61.Nf3 Qh7 62.Qd8 Rb6 63.Qd5 Qf5 64.Qxc5 Qf4 65.Qxa5+ Kb7
66.Qd5+ Ka7 67.Qxd3  1-0

[Event "Aeroflot Open"]
[Site "Moscow RUS"]
[Date "2007.02.17"]
[Round "4"]
[White "Kosintseva,N"]
[Black "Vitiugov,N"]
[Result "1/2-1/2"]
[WhiteElo "2496"]
[BlackElo "2604"]

1.e4 c5 2.Nf3 e6 3.d4 cxd4 4.Nxd4 Nc6 5.Nc3 Qc7 6.Be3 a6 7.Be2 Nf6 8.O-O Bb4
9.Na4 Be7 10.Nxc6 bxc6 11.Nb6 Rb8 12.Nxc8 Qxc8 13.Bd4 c5 14.Be5 Rb6 15.a4 d6
16.a5 Rc6 17.Bc3 O-O 18.Qd3 d5 19.Bf3 d4 20.e5 dxc3 21.exf6 Bxf6 22.bxc3 c4
23.Qe3 Rc5 24.Rfb1 Qc7 25.Rb6 Bg5 26.Qe4 Bf6 27.Rxa6 Bxc3 28.Rd1 Bxa5 29.g3 Bc3
30.Rad6 Bf6 31.Kg2 g6 32.h4 h5 33.Be2 Be5 34.Rd7 Qc6 35.Qxc6 Rxc6 36.Rb1 Rfc8
37.Rbb7 R8c7 38.f4 Rxd7 39.Rxd7 Bf6 40.Kf3 Kf8 41.Rb7 Rc5 42.Rb8+ Kg7 43.Rb4 c3
44.Rb5 Rc7 45.Bd3 Bd4 46.Ke4 Rd7 47.Kf3 f5 48.Ra5 Re7 49.Ra4 e5 50.fxe5 Bxe5
51.Rc4 Re6 52.Ra4 Re7 53.Rc4 Bf6 54.Ra4 Kh7 55.Rc4 Bg7 56.Kf2 Ra7 57.Kg2 Ra1
58.Rc7 Rd1 59.Re7 Rd2+ 60.Kf3 Kg8 61.Bc4+ Kh8 62.Bd3 Bd4 63.Kf4 Bf6 64.Rf7 Bg7
65.Rd7 Rf2+ 66.Kg5 Kh7 67.Rd6 Rf3 68.Rxg6 Rxd3 69.cxd3 c2 70.Rc6 c1=R 71.Rxc1 Bh6+
72.Kxf5 Bxc1 73.d4 Be3 74.d5 Bf2 75.g4 Bxh4 76.gxh5 Kh6 77.d6  1/2-1/2

[Event "ch-St Petersburg sf"]
[Site "St Petersburg RUS"]
[Date "2007.02.17"]
[Round "8"]
[White "Urjubdshzirov,E"]
[Black "Smirnov,Arte"]
[Result "0-1"]
[WhiteElo "2163"]
[BlackElo "2385"]

1.e4 c5 2.Nf3 Nc6 3.d4 cxd4 4.Nxd4 e6 5.Nc3 Qc7 6.g3 a6 7.Bg2 d6 8.O-O Bd7
9.Re1 Be7 10.a4 h5 11.Nb3 h4 12.a5 Nf6 13.Be3 hxg3 14.hxg3 Ne5 15.Na4 Bc6
16.Nb6 Rd8 17.Bd4 Kf8 18.c4 g5 19.Qc2 Qb8 20.Qc3 g4 21.Rad1 Rh5 22.Nd2 Kg7
23.b4 Rdh8 24.c5 Qg8 25.cxd6 Qh7 26.f4 gxf3 27.Bxe5 fxg2 28.dxe7 Rxe5 29.Nf3 Qh1+
30.Kf2 g1=Q+ 31.Rxg1 Nxe4+ 32.Ke3 Nxc3+  0-1

[Event "64th ch-POL"]
[Site "Opole POL"]
[Date "2007.02.18"]
[Round "9"]
[White "Socko,B"]
[Black "Grabarczyk,B"]
[Result "1-0"]
[WhiteElo "2629"]
[BlackElo "2441"]

1.e4 c5 2.Nf3 e6 3.d4 cxd4 4.Nxd4 Nc6 5.Nc3 d6 6.Be3 Nf6 7.f3 d5 8.Bb5 Bd7
9.exd5 exd5 10.O-O Bd6 11.Bg5 Qb6 12.Re1+ Kf8 13.Bxc6 bxc6 14.Bxf6 gxf6 15.Kh1 Be5
16.Nce2 Re8 17.Qd2 Kg7 18.c3 Rhg8 19.Ng3 Kh8 20.f4 Bb8 21.b4 Qc7 22.Nh5 Qd6
23.h3 f5 24.Nf3 f6 25.Qf2 Re4 26.Qh4 Rf8 27.Nd2 Be8 28.Nxe4 fxe4 29.Rf1 f5
30.Ng3 Qg6 31.Ne2 Bd6 32.Rg1 Qg7 33.Qf2 Bh5 34.Nd4 Qh6 35.Raf1 Be7 36.Qg3 Rg8
37.Qe3 Bg4 38.Kh2 Rf8 39.a4 c5 40.bxc5 Bxc5 41.Rb1 Bd6 42.Rgf1 Rg8 43.Kh1 Qh4
44.Rb7 Bc5 45.Rb5 Bf3 46.Rxf3 exf3 47.Qe5+  1-0

[Event "Aeroflot Open"]
[Site "Moscow RUS"]
[Date "2007.02.19"]
[Round "6"]
[White "Kurnosov,I"]
[Black "Gareev,T"]
[Result "1-0"]
[WhiteElo "2580"]
[BlackElo "2551"]

1.e4 c5 2.Nf3 e6 3.d4 cxd4 4.Nxd4 Nc6 5.Nc3 Qc7 6.f4 Nxd4 7.Qxd4 a6 8.Be3 b5
9.O-O-O Bb7 10.Bd3 Nf6 11.Kb1 Rc8 12.e5 Nd5 13.Ne4 Qa5 14.Rhe1 Be7 15.f5 Nxe3
16.Rxe3 Bd5 17.a3 b4 18.Nd6+ Bxd6 19.exd6 bxa3 20.Qxg7 Rf8 21.Qf6 Qd8 22.Qd4 Qa5
23.fxe6 dxe6 24.Qh4 Qd8 25.Qa4+ Qd7 26.Qxa3 Rd8 27.Bxa6 Qxd6 28.Rxd5 Qxd5
29.Rd3  1-0

[Event "OCF Winter NAO FIDE Op"]
[Site "Stillwater USA"]
[Date "2007.02.19"]
[Round "6"]
[White "Movsisyan,M"]
[Black "Braunlich,T"]
[Result "1-0"]
[WhiteElo "2280"]
[BlackElo "2204"]

1.e4 c5 2.Nf3 e6 3.d4 cxd4 4.Nxd4 Nc6 5.Nc3 Qc7 6.Be2 a6 7.O-O Nf6 8.Kh1 Bb4
9.Bg5 Bxc3 10.Bxf6 gxf6 11.bxc3 Qf4 12.Nxc6 bxc6 13.Qd4 O-O 14.g3 Qe5 15.f4 Qxd4
16.cxd4 c5 17.d5 exd5 18.exd5 Re8 19.Bf3 d6 20.Rab1 Bh3 21.Bg2 Bxg2+ 22.Kxg2 Rab8
23.Kf3 f5 24.Rb3 Rb4 25.Rfb1 Rc4 26.c3 a5 27.Ra3 Kf8 28.Rb6 Re1 29.Rxd6 Ke7
30.Rc6 Rd1 31.Rc7+ Kf6 32.Rxa5 Rxc3+ 33.Kg2 Rd2+ 34.Kh3 Rcc2 35.Ra6+ Kg7
36.Kh4 Rxh2+ 37.Kg5 h6+ 38.Kxf5 Rh5+ 39.Ke4 Rc4+ 40.Kf3 Rxd5 41.Raa7 Rf5
42.Kg4 Rg5+ 43.Kh4 Rf5 44.a4 h5 45.a5 Rc1 46.Kh3 c4 47.a6 Rf6 48.Rab7 Rxa6
49.Rxf7+ Kg8 50.Rfc7 Ra8 51.Kh4 c3 52.Kxh5 c2 53.Kg6 Rg1 54.Rg7+  1-0

[Event "V Breizh Masters Women"]
[Site "Guingamp FRA"]
[Date "2007.02.20"]
[Round "5"]
[White "Chulivska,V"]
[Black "Marchadour,E"]
[Result "1-0"]
[WhiteElo "2208"]
[BlackElo "2079"]

1.e4 c5 2.Nf3 e6 3.d4 cxd4 4.Nxd4 Nc6 5.Nc3 Qc7 6.Be3 Nf6 7.f3 Bb4 8.Qd2 O-O
9.a3 Be7 10.O-O-O a6 11.g4 b5 12.g5 Nh5 13.Nce2 Na5 14.Ng3 e5 15.Nxh5 exd4
16.Kb1 dxe3 17.Qd4 f6 18.gxf6 gxf6 19.Qxe3 Kh8 20.Qh6 Rf7 21.Rg1 Qc5 22.Rg7 Qxh5
23.Qxh5 Kxg7 24.Bh3 d6 25.Bxc8 Kf8 26.Be6 Rg7 27.Qh6 Ra7 28.f4 Nc6 29.Bd5 Nb8
30.e5 f5 31.Rg1 Bh4 32.Qxd6+  1-0

[Event "Aeroflot Open"]
[Site "Moscow RUS"]
[Date "2007.02.20"]
[Round "7"]
[White "Smirin,I"]
[Black "Ganguly,S"]
[Result "1-0"]
[WhiteElo "2654"]
[BlackElo "2571"]

1.e4 c5 2.Nf3 e6 3.d4 cxd4 4.Nxd4 Nc6 5.Nc3 Qc7 6.Be3 a6 7.Qd2 Nf6 8.f3 Bb4
9.a3 Be7 10.g4 h6 11.h4 b5 12.Rg1 Bb7 13.Be2 Nxd4 14.Bxd4 e5 15.Bf2 Bc5 16.Bxc5 Qxc5
17.O-O-O O-O-O 18.Nd5 Bxd5 19.exd5 d6 20.Kb1 Kb7 21.Rge1 Ka7 22.Bf1 Rb8 23.Re3 b4
24.Qe2 Rb6 25.axb4 Qxb4 26.Rb3 Qa5 27.Rxb6 Qxb6 28.Rd3 Rb8 29.Rb3 Qa5 30.Rxb8 Kxb8
31.Qxa6 Qxa6 32.Bxa6 Kc7 33.Bc4 Kb6 34.b4 g5 35.hxg5 hxg5 36.Kb2 e4 37.fxe4 Nxg4
38.Kc3 Ne5 39.Bf1 f6 40.Kd4 Nf3+ 41.Ke3 Ne5 42.Be2 Kc7 43.c4 Kb6 44.Kd4 Kc7
45.c5 Nd7 46.Bb5 Ne5 47.Bf1 Nd7 48.Bb5 Ne5 49.Ke3 Ng4+ 50.Kf3 Ne5+ 51.Kg3 Kd8
52.Kg2 Kc7 53.Kh3 Nf3 54.Kg4 Nd2 55.Bd3 Nb3 56.c6 Nd4 57.Kh5 Nf3 58.Be2 Nd2
59.Bd3 Nf3 60.b5 Kb6 61.Bf1 Ne5 62.Kh6 g4 63.Kg7 g3 64.Kxf6 Kc7 65.Kf5 Nf3
66.Kf4 Nd2 67.Bg2 Nb1 68.e5  1-0

[Event "Meurthe et Moselle IM"]
[Site "Nancy FRA"]
[Date "2007.02.20"]
[Round "2"]
[White "Woehrel,H"]
[Black "Delorme,Al"]
[Result "0-1"]
[WhiteElo "2166"]
[BlackElo "2236"]

1.e4 c5 2.Nc3 e6 3.Nf3 Nc6 4.d4 cxd4 5.Nxd4 Nf6 6.Nxc6 bxc6 7.e5 Nd5 8.Ne4 Qc7
9.f4 c5 10.c4 Nb6 11.Bd3 Bb7 12.Qe2 d5 13.exd6 Bxd6 14.O-O O-O-O 15.b4 cxb4
16.Be3 Bxe4 17.Bxe4 Bc5 18.Rfc1 Na4 19.Kh1 Qb6 20.Bxc5 Qxc5 21.Bf3 Rd4 22.Rab1 Rhd8
23.Qe1 Nc3 24.Rxc3 bxc3 25.Qxc3 Rxc4 26.Qb2 Qb6 27.Qa1 Qd4 28.Rb2 Qxf4 29.Rb1 Qd4
30.Rb2 Qc3  0-1